The Phonology of Maaloula Aramaic.

Bibliographic Details
Main Author: Eid, Ghattas.
Format: eBook
Language:English
Published: Düsseldorf : Walter de Gruyter GmbH, 2024.
Edition:1st ed.
Subjects:
Online Access:Click to View
LEADER 01904nam a22003613i 4500
001 EBC31465772
003 MiAaPQ
005 20240729202206.0
006 m o d |
007 cr cnu||||||||
008 240729s2024 xx o ||||0 eng d
020 |a 9783111447124  |q (electronic bk.) 
035 |a (MiAaPQ)EBC31465772 
035 |a (Au-PeEL)EBL31465772 
035 |a (OCoLC)1439597598 
040 |a MiAaPQ  |b eng  |e rda  |e pn  |c MiAaPQ  |d MiAaPQ 
082 0 |a 492.290956914 
100 1 |a Eid, Ghattas. 
245 1 4 |a The Phonology of Maaloula Aramaic. 
250 |a 1st ed. 
264 1 |a Düsseldorf :  |b Walter de Gruyter GmbH,  |c 2024. 
264 4 |c {copy}2024. 
300 |a 1 online resource (264 pages) 
336 |a text  |b txt  |2 rdacontent 
337 |a computer  |b c  |2 rdamedia 
338 |a online resource  |b cr  |2 rdacarrier 
505 0 |a Intro -- Contents -- Acknowledgements -- Abbreviations and symbols -- List of figures -- List of tables -- List of maps -- 1 Introduction -- 2 Analytical framework -- 3 The Maaloula Aramaic Speech Corpus (MASC) -- 4 Phoneme inventory -- 5 The distribution of bilabial stops -- 6 Morpho-phonological alternations in feminine nouns -- 7 Local and long-distance assimilation -- 8 Syllable structure and syllabification -- 9 Gemination -- 10 Stress -- 11 Conclusion and outlook -- References -- Index. 
588 |a Description based on publisher supplied metadata and other sources. 
590 |a Electronic reproduction. Ann Arbor, Michigan : ProQuest Ebook Central, 2024. Available via World Wide Web. Access may be limited to ProQuest Ebook Central affiliated libraries.  
655 4 |a Electronic books. 
776 0 8 |i Print version:  |a Eid, Ghattas  |t The Phonology of Maaloula Aramaic  |d Düsseldorf : Walter de Gruyter GmbH,c2024 
797 2 |a ProQuest (Firm) 
856 4 0 |u https://ebookcentral.proquest.com/lib/matrademy/detail.action?docID=31465772  |z Click to View